La nuova giustizia del lavoro

Detalles Bibliográficos
Autor principal: Dalfino, Domenico
Formato: eBook
Lenguaje:italiano
Publicado: Bari : Cacucci Editore, 2011
Materias:
Acceso en línea:http://www.vlex.com/source/6790

MARC

LEADER 00000nam a22000007a 4500
005 20130215125604.0
007 cr|||| ||||
008 130215e2011 it |||||s|||| 00| 0 ita d
020 |a 886611068X 
035 |a 6790 
040 |a vLex 
090 |c 3657  |d 3657 
100 1 0 |a Dalfino, Domenico 
245 1 3 |a La nuova giustizia del lavoro  |h [Recurso electrn̤ico]  
256 |a Servicio en ln̕ea 
260 |a Bari :  |b Cacucci Editore,   |c 2011 
300 |a 1 Recurso electrn̤ico 
650 0 4 |a Derecho laboral  |z Italia 
650 0 4 |a Procedimiento laboral  |z Italia 
740 |a vLex Libros (Servicio en ln̕ea) 
856 |a Acceso restringido  |u http://www.vlex.com/source/6790 
942 |c BOOK 
999 0 |a Labor laws and legislation